| 000 | 00726cam a22002413a 4500 | ||
|---|---|---|---|
| 001 | 17966 | ||
| 003 | PGUSA | ||
| 005 | 20140828083401.0 | ||
| 008 | 060311s2006||||xxu|||||s|||||000 | eng d | ||
| 040 |
_aPGUSA _beng |
||
| 042 | _adc | ||
| 050 | 4 | _aQL | |
| 100 | 1 |
_aTaylor, Walter P. _q(Walter Penn), _d1888-1972 |
|
| 245 | 1 | 0 |
_aLife History of the Kangaroo Rat _h[electronic resource] / _cWalter P. Taylor |
| 260 |
_bProject Gutenberg, _c2006 |
||
| 500 | _aUnited States Department of Agriculture Bulletin No. 1091 | ||
| 506 | _aPublic domain in the USA. | ||
| 516 | _aElectronic text | ||
| 653 | _aKangaroo rats | ||
| 830 | 0 |
_aProject Gutenberg _v17966 |
|
| 856 | 4 | 0 | _uhttp://www.gutenberg.org/ebooks/17966 |
| 942 | _cEB | ||
| 999 |
_c247221 _d247221 |
||